The oil crisis - Its impact on Japan and Asia

Uloženo v:
Podrobná bibliografie
Médium: Kniha
Jazyk:Undetermined
Vydáno: Tokyo Japan Institute of International Affairs 1960
Témata:
Tagy: Přidat tag
Žádné tagy, Buďte první, kdo otaguje tento záznam!
Thư viện lưu trữ: Trung tâm Học liệu Trường Đại học Cần Thơ
LEADER 00415nam a2200145Ia 4500
001 CTU_78854
008 210402s9999 xx 000 0 und d
082 |a 330.9 
082 |b O.39 
245 4 |a The oil crisis - Its impact on Japan and Asia 
260 |a Tokyo 
260 |b Japan Institute of International Affairs 
260 |c 1960 
650 |a Economics 
980 |a Trung tâm Học liệu Trường Đại học Cần Thơ